|
|
|
|
| LEADER |
01593nam a2200421 a 4500 |
| 001 |
000288596 |
| 003 |
CZ BrMZK |
| 005 |
20260413113323.0 |
| 007 |
ta |
| 008 |
980115s1998 xr a f 001 0 cze d |
| 015 |
|
|
|a cnb000307922
|
| 020 |
|
|
|a 80-7176-607-0
|
| 035 |
|
|
|a (OCoLC)39589671
|
| 040 |
|
|
|a BOA001
|b cze
|
| 041 |
1 |
|
|a cze
|h eng
|
| 080 |
|
|
|a 575(0.062)
|2 MRF
|
| 100 |
1 |
|
|a Snedden, Robert,
|d 1956-
|7 xx0095131
|4 aut
|
| 245 |
1 |
0 |
|a Život /
|c Robert Snedden
|
| 250 |
|
|
|a Vyd. 1.
|
| 260 |
|
|
|a Praha :
|b Euromedia Group,
|c 1998
|
| 300 |
|
|
|a 47 s. :
|b il. (převážně barev.) ;
|c 29 cm
|
| 490 |
1 |
|
|a Dobrodružství vědy
|
| 500 |
|
|
|a Přeloženo z angličtiny
|
| 500 |
|
|
|a Terminologický slovník
|
| 500 |
|
|
|a Obsahuje rejstřík
|
| 550 |
|
|
|a Vydavatel: Knižní klub
|
| 500 |
|
|
|a Dostupné též v digitální podobě v aplikaci Kramerius
|
| 653 |
0 |
|
|a Země (planeta)
|a darwinismus
|a evoluce
|a evoluční teorie
|a život
|a živočišné druhy
|
| 710 |
2 |
|
|a Knižní klub (nakladatelství)
|7 kn20070401007
|
| 765 |
0 |
|
|t Life
|9 Česky
|
| 830 |
|
0 |
|a Dobrodružství vědy
|
| 856 |
4 |
1 |
|u https://www.digitalniknihovna.cz/mzk/uuid/uuid:6b9aa35f-3971-11f1-919c-eef6ec9447d4
|y Digitalizovaný dokument
|x NDK
|
| 910 |
|
|
|a BOA001
|b 4-1042.860
|b PK-N-0033.798
|
| 920 |
|
|
|a 000305820
|
| 964 |
|
|
|a Život
|x vznik
|x teorie
|x výklady populární
|
| 990 |
|
|
|a BK
|
| 996 |
6 |
|
|b 2610067236
|c 4-1042.860
|l MZK
|r Sklad / do 1 hodiny
|n 2
|p p.v.
|w 000288596
|u 000010
|a 1
|e BOA001
|j MZK50
|s P
|
| 996 |
7 |
|
|b 3119012099
|c PK-N-0033.798
|l MZK
|r Sklad / do 1 hodiny
|n 10
|p kup
|w 000288596
|u 000020
|a 1
|e BOA001
|j MZK50
|s A
|